<?xml version="1.0" encoding="UTF-8"?>
<record
    xmlns:xsi="http://www.w3.org/2001/XMLSchema-instance"
    xsi:schemaLocation="http://www.loc.gov/MARC21/slim http://www.loc.gov/standards/marcxml/schema/MARC21slim.xsd"
    xmlns="http://www.loc.gov/MARC21/slim">

  <leader>00912nam a22002897a 4500</leader>
  <controlfield tag="001">36283</controlfield>
  <controlfield tag="003">Ost</controlfield>
  <controlfield tag="005">20260507154556.0</controlfield>
  <controlfield tag="008">251113s9999||||xx |||||||||||||| ||eng||</controlfield>
  <datafield tag="020" ind1=" " ind2=" ">
    <subfield code="a">9788189914523</subfield>
  </datafield>
  <datafield tag="040" ind1=" " ind2=" ">
    <subfield code="c">nitttr</subfield>
  </datafield>
  <datafield tag="082" ind1=" " ind2=" ">
    <subfield code="a">891.431</subfield>
    <subfield code="b">AKE-B</subfield>
  </datafield>
  <datafield tag="100" ind1=" " ind2=" ">
    <subfield code="a">Mannu Bhandari - &#x92E;&#x928;&#x94D;&#x928;&#x942; &#x92D;&#x902;&#x921;&#x93E;&#x930;&#x940;</subfield>
  </datafield>
  <datafield tag="245" ind1=" " ind2="0">
    <subfield code="a">Akeli - &#x905;&#x915;&#x947;&#x932;&#x940;</subfield>
  </datafield>
  <datafield tag="250" ind1=" " ind2=" ">
    <subfield code="a">1st Ed.</subfield>
  </datafield>
  <datafield tag="260" ind1=" " ind2=" ">
    <subfield code="a">Delhi, India</subfield>
    <subfield code="b">Remadhav Publications</subfield>
    <subfield code="c">2007</subfield>
  </datafield>
  <datafield tag="300" ind1=" " ind2=" ">
    <subfield code="a">250 p.</subfield>
  </datafield>
  <datafield tag="650" ind1=" " ind2=" ">
    <subfield code="a">  &#x928;&#x93E;&#x930;&#x940; &#x91A;&#x947;&#x924;&#x928;&#x93E;</subfield>
  </datafield>
  <datafield tag="650" ind1=" " ind2=" ">
    <subfield code="a">  &#x92A;&#x93E;&#x930;&#x93F;&#x935;&#x93E;&#x930;&#x93F;&#x915; &#x938;&#x902;&#x92C;&#x902;&#x927;</subfield>
  </datafield>
  <datafield tag="650" ind1=" " ind2=" ">
    <subfield code="a">  &#x92D;&#x93E;&#x935;&#x928;&#x93E;&#x924;&#x94D;&#x92E;&#x915; &#x938;&#x902;&#x918;&#x930;&#x94D;&#x937;</subfield>
  </datafield>
  <datafield tag="650" ind1=" " ind2=" ">
    <subfield code="a">  &#x92E;&#x93E;&#x928;&#x935;&#x940;&#x92F; &#x92E;&#x942;&#x932;&#x94D;&#x92F;</subfield>
  </datafield>
  <datafield tag="650" ind1=" " ind2=" ">
    <subfield code="a">  &#x938;&#x902;&#x935;&#x947;&#x926;&#x928;&#x936;&#x940;&#x932;&#x924;&#x93E;</subfield>
  </datafield>
  <datafield tag="650" ind1=" " ind2=" ">
    <subfield code="a">  &#x938;&#x93E;&#x92E;&#x93E;&#x91C;&#x93F;&#x915; &#x909;&#x92A;&#x947;&#x915;&#x94D;&#x937;&#x93E;</subfield>
  </datafield>
  <datafield tag="650" ind1=" " ind2=" ">
    <subfield code="a">  &#x938;&#x94D;&#x924;&#x94D;&#x930;&#x940;-&#x91C;&#x940;&#x935;&#x928;</subfield>
  </datafield>
  <datafield tag="650" ind1=" " ind2=" ">
    <subfield code="a">&#x905;&#x915;&#x947;&#x932;&#x93E;&#x92A;&#x928;</subfield>
  </datafield>
  <datafield tag="942" ind1=" " ind2=" ">
    <subfield code="c">BK</subfield>
  </datafield>
  <datafield tag="999" ind1=" " ind2=" ">
    <subfield code="c">325</subfield>
    <subfield code="d">325</subfield>
  </datafield>
  <datafield tag="952" ind1=" " ind2=" ">
    <subfield code="0">0</subfield>
    <subfield code="1">0</subfield>
    <subfield code="4">0</subfield>
    <subfield code="7">0</subfield>
    <subfield code="a">NITTTR</subfield>
    <subfield code="b">NITTTR</subfield>
    <subfield code="d">2026-05-07</subfield>
    <subfield code="l">0</subfield>
    <subfield code="o">891.431 AKE-B</subfield>
    <subfield code="p">50196</subfield>
    <subfield code="r">2026-05-07 15:45:56</subfield>
    <subfield code="w">2026-05-07</subfield>
    <subfield code="y">BK</subfield>
  </datafield>
</record>
